[Event "Madrid-chT"]
[Site "Madrid"]
[Date "2012.02.26"]
[Round "12.14"]
[White "Solaesa Navalpotro, Luis Julio"]
[Black "Bolado Saez, Sergio"]
[Result "0-1"]
[WhiteElo "2270"]
[BlackElo "2361"]
[PlyCount "62"]
[EventDate "2011.11.13"]
[EventType "team-tourn"]
[EventRounds "14"]
[EventCountry "ESP"]
[SourceTitle "EXT 2013"]
[Source "ChessBase"]
[SourceDate "2012.11.22"]
[SourceVersion "1"]
[SourceVersionDate "2012.11.22"]
[SourceQuality "1"]
[WhiteTeam "Moratalaz"]
[BlackTeam "Villalba"]
[WhiteTeamCountry "ESP"]
[BlackTeamCountry "ESP"]

1. d4 d5 2. c4 c6 3. Nf3 Nf6 4. Qc2 g6 5. e3 Bg7 6. Nc3 0-0 7. Bd2 a6 8. Bd3 b5 9. cxd5 cxd5 10. Ne5 Bb7 11. b4 Nfd7 12. Nxd7 Qxd7 13. a4 Nc6 14. Qb3 e5 15. axb5 axb5 16. Rxa8 Rxa8 17. 0-0 exd4 18. Nxb5 dxe3 19. fxe3 Ba6 20. Na3 Bxd3 21. Qxd3 Ne5 22. Qb5 Qa7 23. Nb1 d4 24. exd4 Ng4 25. Qe2 Bxd4+ 26. Kh1 Nf2+ 27. Kg1 Ne4+ 28. Kh1 Re8 29. Qf3 Re6 30. Bf4 g5 31. Bg3 Rf6 0-1

[Event "Madrid-chT"]
[Site "Madrid"]
[Date "2012.02.19"]
[Round "11.42"]
[White "Candela Perez, Jose"]
[Black "Solaesa Navalpotro, Luis Julio"]
[Result "1-0"]
[WhiteElo "2424"]
[BlackElo "2270"]
[PlyCount "109"]
[EventDate "2011.11.13"]
[EventType "team-tourn"]
[EventRounds "14"]
[EventCountry "ESP"]
[SourceTitle "EXT 2013"]
[Source "ChessBase"]
[SourceDate "2012.11.22"]
[SourceVersion "1"]
[SourceVersionDate "2012.11.22"]
[SourceQuality "1"]
[WhiteTeam "La Casa del Ajedrez"]
[BlackTeam "Moratalaz"]
[WhiteTeamCountry "ESP"]
[BlackTeamCountry "ESP"]

1. d4 Nf6 2. c4 c5 3. d5 b5 4. cxb5 a6 5. bxa6 g6 6. Nc3 Bxa6 7. e4 Bxf1 8. Kxf1 d6 9. g3 Bg7 10. Kg2 Nbd7 11. Nge2 0-0 12. Qc2 Ra6 13. b3 Qa8 14. Bb2 e6 15. Nf4 exd5 16. Nfxd5 Qb7 17. Nxf6+ Nxf6 18. f3 d5 19. Nxd5 Nxd5 20. exd5 Bxb2 21. Qxb2 Qxd5 22. Rhd1 Qb7 23. Qf2 Re8 24. Rac1 Rf6 25. Rd3 Rfe6 26. Rd2 Qa6 27. Rcc2 Re5 28. Qf1 Qf6 29. Re2 h5 30. Rxe5 Qxe5 31. Qf2 Rc8 32. Rc4 Qf5 33. Qc2 Qxc2+ 34. Rxc2 Ra8 35. Kf2 Kf8 36. Ke3 Ke7 37. Kd3 Kd6 38. Kc4 Rb8 39. a3 Ra8 40. a4 Rb8 41. a5 Kc6 42. a6 Rb4+ 43. Kc3 Kb6 44. Ra2 Ka7 45. Ra4 Rb6 46. Kc4 Rf6 47. f4 h4 48. Kxc5 hxg3 49. hxg3 g5 50. Rd4 gxf4 51. Rxf4 Rg6 52. Rxf7+ Kxa6 53. Rf3 Rg4 54. Kd5 Kb5 55. Ke5 1-0

[Event "Madrid-chT"]
[Site "Madrid"]
[Date "2012.02.12"]
[Round "10.33"]
[White "Solaesa Navalpotro, Luis Julio"]
[Black "Alcazar Jimenez, Jesus Alberto"]
[Result "1/2-1/2"]
[WhiteElo "2270"]
[BlackElo "2252"]
[PlyCount "111"]
[EventDate "2011.11.13"]
[EventType "team-tourn"]
[EventRounds "14"]
[EventCountry "ESP"]
[SourceTitle "EXT 2013"]
[Source "ChessBase"]
[SourceDate "2012.11.22"]
[SourceVersion "1"]
[SourceVersionDate "2012.11.22"]
[SourceQuality "1"]
[WhiteTeam "Moratalaz"]
[BlackTeam "Blanco y Negro"]
[WhiteTeamCountry "ESP"]
[BlackTeamCountry "ESP"]

1. d4 c5 2. d5 d6 3. e4 g6 4. c4 Nf6 5. Nc3 Bg7 6. Nf3 0-0 7. Bd3 Na6 8. 0-0 Nc7 9. Re1 e5 10. dxe6 Nxe6 11. Bf1 Ng4 12. Nb5 Ne5 13. Nxd6 Nxf3+ 14. gxf3 Be5 15. Nxc8 Qh4 16. f4 Nxf4 17. Qf3 Raxc8 18. Bxf4 Bxf4 19. Bh3 Rce8 20. Rad1 Re5 21. Rd5 Rfe8 22. Kh1 f5 23. Rxe5 Rxe5 24. Re2 Rxe4 25. Rxe4 fxe4 26. Be6+ Kg7 27. Qg2 b6 28. Bd5 e3 29. fxe3 Bxe3 30. Qg3 Qxg3 31. hxg3 Bc1 32. b3 Kf6 33. Kg2 Ke5 34. Kf3 Kd4 35. Bg8 h6 36. Bh7 g5 37. g4 Kc3 38. Ke4 Kb2 39. Kd3 Kxa2 40. Kc3 Bb2+ 41. Kc2 Be5 42. Bf5 Ka3 43. Be6 Kb4 44. Bf7 a6 45. Be8 b5 46. cxb5 axb5 47. Bf7 c4 48. bxc4 bxc4 49. Bg6 Kc5 50. Be8 Kd4 51. Bf7 c3 52. Bg6 Ke3 53. Be8 Kf3 54. Bh5 Bf6 55. Kd3 Kf2 56. Kc2 1/2-1/2

[Event "Madrid-chT"]
[Site "Madrid"]
[Date "2012.02.05"]
[Round "9.12"]
[White "Solaesa Navalpotro, Luis Julio"]
[Black "Almagro Llamas, Pablo"]
[Result "1/2-1/2"]
[WhiteElo "2270"]
[BlackElo "2461"]
[PlyCount "51"]
[EventDate "2011.11.13"]
[EventType "team-tourn"]
[EventRounds "14"]
[EventCountry "ESP"]
[SourceTitle "EXT 2013"]
[Source "ChessBase"]
[SourceDate "2012.11.22"]
[SourceVersion "1"]
[SourceVersionDate "2012.11.22"]
[SourceQuality "1"]
[WhiteTeam "Moratalaz"]
[BlackTeam "Virgen de Atocha"]
[WhiteTeamCountry "ESP"]
[BlackTeamCountry "ESP"]

1. d4 Nf6 2. Nf3 e6 3. c4 b6 4. g3 Ba6 5. b3 Bb4+ 6. Bd2 Be7 7. Bc3 d5 8. cxd5 Nxd5 9. Bb2 0-0 10. e4 Bxf1 11. Kxf1 Nf6 12. Qe2 Qc8 13. Kg2 Qb7 14. Nc3 Nbd7 15. Rad1 Rfd8 16. Rhe1 Ne8 17. Ne5 a6 18. Qf3 Nef6 19. Nxd7 Rxd7 20. d5 exd5 21. Nxd5 Ne8 22. Qg4 Qc6 23. h4 Bf8 24. h5 Rdd8 25. Rc1 Qd7 26. Qxd7 1/2-1/2

[Event "Madrid-chT"]
[Site "Madrid"]
[Date "2011.11.20"]
[Round "2.24"]
[White "Martinez Martin, David"]
[Black "Solaesa Navalpotro, Luis Julio"]
[Result "1-0"]
[WhiteElo "2395"]
[BlackElo "2270"]
[PlyCount "75"]
[EventDate "2011.11.13"]
[EventType "team-tourn"]
[EventRounds "14"]
[EventCountry "ESP"]
[SourceTitle "EXT 2013"]
[Source "ChessBase"]
[SourceDate "2012.11.22"]
[SourceVersion "1"]
[SourceVersionDate "2012.11.22"]
[SourceQuality "1"]
[WhiteTeam "Virgen de Atocha"]
[BlackTeam "Moratalaz"]
[WhiteTeamCountry "ESP"]
[BlackTeamCountry "ESP"]

1. Nf3 d5 2. d4 Nf6 3. c4 c6 4. e3 Bf5 5. Nc3 e6 6. Nh4 Bg6 7. g3 Nbd7 8. Nxg6 hxg6 9. Bg2 Be7 10. 0-0 0-0 11. Qe2 Qa5 12. e4 dxe4 13. Nxe4 Nxe4 14. Bxe4 Nf6 15. Bg2 Rfd8 16. Rd1 Qh5 17. Bf3 Qf5 18. Kg2 Nh7 19. h4 Bd6 20. c5 Bc7 21. b4 e5 22. d5 cxd5 23. Bxd5 Rab8 24. g4 Qf6 25. g5 Qf5 26. Be4 Qe6 27. Rxd8+ Rxd8 28. Bb2 b6 29. Rd1 Rxd1 30. Qxd1 Qc4 31. Qd5 Qxb4 32. Bxg6 Qf4 33. Bc1 Qg4+ 34. Kf1 Qh3+ 35. Ke1 Qc3+ 36. Bd2 Qxc5 37. Qxf7+ Kh8 38. Bxh7 1-0

[Event "Madrid-chT 1011"]
[Site "Madrid"]
[Date "2011.03.13"]
[Round "13.23"]
[White "Perez Gonzalez, Jose Manuel"]
[Black "Solaesa Navalpotro, Luis Julio"]
[Result "1/2-1/2"]
[WhiteElo "2281"]
[BlackElo "2251"]
[PlyCount "69"]
[EventDate "2010.11.21"]
[EventType "team-tourn"]
[EventRounds "14"]
[EventCountry "ESP"]
[SourceTitle "EXT 2012"]
[Source "ChessBase"]
[SourceDate "2011.11.24"]
[SourceVersion "1"]
[SourceVersionDate "2011.11.24"]
[SourceQuality "1"]
[WhiteTeam "Amigos del Retiro"]
[BlackTeam "Moratalaz"]
[WhiteTeamCountry "ESP"]
[BlackTeamCountry "ESP"]

1. e4 c6 2. d4 d5 3. exd5 cxd5 4. c4 Nf6 5. Nc3 Nc6 6. Bg5 e6 7. Nf3 dxc4 8. Bxc4 Be7 9. 0-0 0-0 10. a3 Bd7 11. Qd3 Nd5 12. Bd2 Nxc3 13. Bxc3 Bf6 14. Qe4 Ne7 15. Ne5 Bc6 16. Nxc6 bxc6 17. Bb4 Re8 18. Bxe7 Qxe7 19. Bd3 g6 20. Rac1 Rad8 21. Qxc6 Bxd4 22. Bb5 Rf8 23. Rc2 Rd6 24. Qe4 Rb8 25. Qe2 Rdb6 26. a4 a6 27. Bxa6 Rxb2 28. Bb5 Rxc2 29. Qxc2 Bb6 30. Qc6 Qa7 31. Qd7 Rb7 32. Qd2 Rb8 33. Qd7 Rb7 34. Qd2 Rb8 35. Qd7 1/2-1/2